| 000 | 01017cam a22003137a 4500 | ||
|---|---|---|---|
| 003 | CHAP | ||
| 005 | 20220329135805.0 | ||
| 008 | 971013s1967 r 00010 d | ||
| 010 | _a42235 | ||
| 011 | _a43207 | ||
| 035 | _a47343 | ||
| 040 | _cCHAP | ||
| 090 | _aFolleto 2799Y | ||
| 110 |
_aE.U.A. Department of Agriculture _934876 |
||
| 245 | 1 | 3 | _aEl pasto elabora sus propios alimentos |
| 260 |
_aMéxico, D. F. : _bCentro Regional de Ayuda Técnica, _c1967 |
||
| 300 | _as.p. | ||
| 490 | 0 |
_aInformation bulletin _v; 223 |
|
| 590 |
_aBATCH-UPD _b10 _c20130110 _lUCH01 _h2324 |
||
| 590 |
_aBATCH-UPD _b10 _c20130410 _lUCH01 _h1614 |
||
| 590 |
_aBATCH-UPD _b10 _c20130914 _lUCH01 _h1904 |
||
| 590 |
_aCONVERSION _b10 _c20130109 _lUCH01 _h1323 |
||
| 650 | 1 | 4 |
_aPastos _xFisiología y morfología. _986034 |
| 830 | 0 |
_aInformation bulletin _v; 223 _958099 |
|
| 901 | _aBK | ||
| 942 | _cFOLL | ||
| 949 |
_aFolleto 2799Y _bBC _cFOLL _d-107629 _eTS1 _i47343 _si |
||
| 949 |
_aFolleto 2799Y _bBC _cFOLL _d-107630 _eTS2 _fc.2 _i47343 _si |
||
| 999 |
_c42235 _d42235 |
||